LEADER 01141nlm0 22003371i 450 001 990009882940403321 005 20140714162838.0 010 $a9781845935184 035 $a000988294 035 $aFED01000988294 035 $a(Aleph)000988294FED01 035 $a000988294 100 $a20140714d2010----km-y0itay0103----ba 101 0 $aeng 135 $adrnn-008mamaa 200 1 $aCultural tourism research methods$bRisorsa elettronica$fedited by Greg Richards and Wil Munsters 210 $aWallingford, Oxfordshire, U.K. ; Cambridge, Mass.$cCABI$cOvid [distributor]$d2010 230 $aDocumento elettronico 336 $aTesto 337 $aFormato pdf 676 $a910.72 702 1$aMunsters,$bWil 702 1$aRichards,$bGreg 801 3$aIT$bUNINA$gREICAT$2UNIMARC 856 4 $zFull text per gli utenti Federico II$uhttp://ovidsp.ovid.com/ovidweb.cgi?T=JS&PAGE=booktext&NEWS=N&DF=bookdb&AN=01437473/1st_Edition&XPATH=/PG(0) 901 $aEB 912 $a990009882940403321 961 $aHeritage tourism$aResearch 961 $aTourism$aResearch 996 $aCultural tourism research methods$9829732 997 $aUNINA LEADER 01148nam2-22003251i-450- 001 990005283990403321 005 20060717101656.0 035 $a000528399 035 $aFED01000528399 035 $a(Aleph)000528399FED01 035 $a000528399 100 $a19990604d1977----km-y0itay50------ba 101 0 $aita 105 $ay-------001yy 200 1 $aRelazione e dibattito$f[a cura di Gabriele De Rosa e Francesco Malgeri] 210 $as.l.$cD'Elia$dc.1977 215 $a595 p.$d22 cm 225 1 $aCollana di studi storici$v1 461 0$1001000528394$12001$aSOCIETA' e religione in Basilicata nell'eta moderna$eAtti del Convegno di Potenza-Matera (25-28 settembre 1975)$f[a cura di Gabriele De Rosa e Francescoa Malgeri] 676 $a282.457$v21$zita 702 1$aDe Rosa,$bGabriele$f<1917-2009> 702 1$aMalgeri,$bFrancesco$f<1934- > 712 02$aCentro studi per la storia del Mezzogiorno 801 0$aIT$bUNINA$gRICA$2UNIMARC 901 $aBK 912 $a990005283990403321 952 $a282.457 CONV POTENZA 1975 (1)$bST. REL. 1337b$fFLFBC 959 $aFLFBC 996 $aRelazione e dibattito$9537597 997 $aUNINA